[Event "Berlin Werner Ott op"]
[Site "Berlin"]
[Date "2022.07.12"]
[Round "4"]
[White "Steiger, Michael"]
[Black "Sklorz, Tobias"]
[Result "1-0"]
[WhiteElo "1973"]
[BlackElo "1653"]
[PlyCount "85"]
[EventDate "2022.07.09"]
[EventType "swiss"]
[EventRounds "9"]
[EventCountry "GER"]
[SourceTitle "CBM 209 Extra"]
[Source "ChessBase"]
[SourceDate "2022.09.30"]
[SourceVersion "1"]
[SourceVersionDate "2022.09.30"]
[SourceQuality "1"]

1. Nf3 c5 2. c4 Nf6 3. g3 b6 4. Bg2 Bb7 5. 0-0 g6 6. Nc3 Bg7 7. d4 cxd4 8. Nxd4 Bxg2 9. Kxg2 0-0 10. e4 d6 11. b3 Qc7 12. Bg5 Qb7 13. f3 h6 14. Be3 Nbd7 15. Qd2 Kh7 16. Rac1 Rac8 17. Rfd1 Nc5 18. Nde2 Rfd8 19. Nf4 a6 20. Nfd5 Nxd5 21. Nxd5 e6 22. Nc3 b5 23. cxb5 axb5 24. b4 Na6 25. a3 Nc7 26. Qe2 Ra8 27. Nb1 d5 28. exd5 Nxd5 29. Bc5 Ra4 30. Rd3 Rda8 31. Rcd1 Qb8 32. Rf1 h5 33. f4 Qb7 34. Kg1 Bh6 35. Rfd1 Bxf4 36. Rxd5 exd5 37. gxf4 Qd7 38. Qg2 Qf5 39. Qxd5 Qg4+ 40. Kh1 Re8 41. Qxf7+ Kh6 42. Bf8+ Rxf8 43. Qxf8+ 1-0